| 000 | 00471nam a2200157 a 4500 | ||
|---|---|---|---|
| 005 | 20140412111241.0 | ||
| 008 | 010427s19uu xx 00 eng d | ||
| 020 | _a0-590-71800-2 | ||
| 050 |
_aTR(PS E _bTh41 1984 |
||
| 245 |
_aThree Billy-goats gruff (The): _ba Norwegian folktale / _cillustrated by Ellen Appleby. |
||
| 260 |
_aNew York : _bScholastic, _c1984. |
||
| 300 | _a1v. (unp.) ; ill. | ||
| 650 | _aGoats-Stories | ||
| 650 | _aBravery-Stories | ||
| 999 |
_c102725 _d102725 |
||